000 00724nam a2200229 a 4500
001 00003254
003 DO-SdBNP
005 20180313133146.0
007 00003254
008 150119s2014 000 spa d
020 _a9781578377978
040 _aBPMSU
_bspa
_cBPMSU
245 0 _aQuímica en contexto II :
_bmanual de referencia /
260 _a[Santo Domigo ]:
_bCORD,
_c2014
300 _a95 p. ;
_bil. :
_c30 cm.
500 _aDesarrollado por CORD ad Dominicana aptado para el "Proyecto Educación Media Técnica" República
710 _4CORD Comunications
710 _4Fundación Inicia
942 _2ddc
_cBK
945 _aRemanejaso para la BNPHU VM
956 _aVMATEO
_b10
_c20150327
_lBPMSU
_h00151
999 _c10045
_d10045